000 01049 a2200229 4500
999 _c7794
_d7794
003 GBCCL
005 20241126110637.0
008 180925b ||||| |||| 00| 0 eng d
020 _a9780805402025
020 _a0805402020
040 _cGBC
082 _a225.7
_bHOL
100 _aCooper, Rodney L.
_913596
245 _aMark /
_cRodney L. Cooper ; general editor, Max Anders.
260 _aNashville, Tenn. :
_bBroadman & Holman,
_c©2000.
300 _a495p. ;
440 _aHolman New Testament commentary, 2.
_913614
505 _aFront Cover -- Half Title -- Title Page -- Copyright -- Dedication -- Contents -- Editorial Preface -- Holman Old Testament Contributors -- Holman New Testament Contributors -- Introduction to Mark -- Mark 1 -- Mark 2 -- Mark 3 -- Mark 4 -- Mark 5 -- Mark 6 -- Mark 7 -- Mark 8 -- Mark 9 -- Mark 10 -- Mark 11 -- Mark 12 -- Mark 13 -- Mark 14 -- Mark 15 -- Mark 16 -- Glossary -- Bibliography.
650 _aBible. -- Mark -- Commentaries.
_911783
650 _aBible. -- Mark.
_913597
942 _2ddc
_cREF